More tell me move
| Format: | Book |
|---|---|
| Published: |
Singapore :
Bookworm Publishing ,
1994
|
| Series: | Bookworm
|
| Subjects: |
MARC
| LEADER | 00000cam a2200000 7i4500 | ||
|---|---|---|---|
| 001 | 0000008532 | ||
| 002 | 000009300 | ||
| 005 | 20000330.0 | ||
| 020 | |a 9813023236 | ||
| 090 | 0 | 0 | |a JF |b BOO |
| 245 | 0 | 0 | |a More tell me move |
| 260 | |a Singapore : |b Bookworm Publishing , |c 1994 | ||
| 300 | |a 76p. : |b ill. ; |c 17cm. | ||
| 490 | 0 | |a Bookworm | |
| 650 | 0 | 0 | |a Children's stories |
| 999 | |a 047240 |b BUKU |c PINJAMAN |e PERPUSTAKAAN KOMUNITI PETALING JAYA | ||
| 999 | |a 051011 |b BUKU |c PINJAMAN |e PERPUSTAKAAN KOMUNITI PETALING JAYA | ||